| 000 | 00507nam a2200181Ia 4500 | ||
|---|---|---|---|
| 008 | 220216s9999 xx 000 0 und d | ||
| 100 | _aNunes R C R | ||
| 245 | 0 | _aInteraction of NBR rubber with regenerated cellulose | |
| 260 |
_bKautschuk Gummi Kunststoffe _c1999 |
||
| 300 | _a787-793 | ||
| 650 | _aCrosslink density | ||
| 650 | _aFiller loading | ||
| 650 | _aNitrile rubber properties | ||
| 650 | _aRegenerated cellulose | ||
| 650 | _aRubber composites | ||
| 700 | _aAffonso J E S | ||
| 942 | _cJS | ||
| 999 |
_c61501 _d61501 |
||